Statistics for Top 25 Most Rebounds NBA 2023

Click here to take the quiz!

General Stats

  • This quiz has been taken 29 times
  • The average score is 15 of 25

Answer Stats

#AnswerRPG% Correct
3Nikola Jokic11.84
100%
5Rudy Gobert11.63
96%
1Anthony Davis12.54
92%
2Domantas Sabonis12.32
88%
4Giannis Antetokounmpo11.78
85%
10Joel Embiid10.15
81%
19Bam Adebayo9.17
73%
8Nikola Vucevic11.01
73%
12Deandre Ayton9.96
69%
25Jalen Duren8.88
69%
14Jarrett Allen9.79
65%
7Clint Capela11.03
62%
9Jonas Valanciunas10.18
58%
13Ivica Zubac9.95
54%
22Alperen Sengun9.04
50%
21Jusuf Nurkic9.06
50%
6Steven Adams11.55
50%
24Evan Mobley9
46%
11Julius Randle9.96
46%
17Kevon Looney9.27
46%
18Nic Claxton9.24
42%
20Jakob Poeltl9.07
35%
16Mitchell Robinson9.41
35%
15Bobby Portis9.6
12%
23RaiQuan Gray9
8%

Score Distribution

Percentile by Number Answered

Percent of People with Each Score

Your Score History

You have not taken this quiz